Piłka nożna - Kto wtedy grał? #6 - Statystyki

Ogólne statystyki
  • Ten quiz został rozwiązany 178 razy
  • Średni wynik to 11 z 22
Statystyki odpowiedzi
Hint Odpowiedź % Poprawnych
GK Neuer
92%
RW Muller
80%
FC Klose
79%
RB Lahm
73%
AMC Oscar
71%
CB David Luiz
69%
MC Kroos
68%
CB Boateng
66%
LB Marcelo
65%
CB Hummels
64%
DM Khedira
55%
GK Cesar
53%
LW Ozil
40%
DM Schweinsteiger
40%
RW Hulk
38%
FC Fred
35%
DM Fernandinho
25%
CB Dante
23%
LB Howedes
23%
RB Maicon
23%
DM Luiz Gustavo
14%
LW Bernard
10%
Nie znaleziono quizów pasujących do podanych kryteriów
Rozkład punktacji
Procent ludzi z każdym wynikiem
Percentyl według liczby udzielonych odpowiedzi
Twoja historia wyników
Nie rozwiązałeś tego quizu